| 000 | 00463nam a22001337a 4500 | ||
|---|---|---|---|
| 040 | _cNUST | ||
| 082 | _a220 PRO | ||
| 100 |
_aNs Moeez Tariq Pc Muntaha Rehan Ns Nidal Nadeem Chughtai Ns Samreen Fatima _985442 |
||
| 110 |
_a Project Supervisor Dr. Usman Akram Dr. Sajid Gul Khawaja _985443 |
||
| 245 | _aPR-SOF-2008-Low-Cost Wearable Muscle Insight System | ||
| 260 |
_aISLAMABAD: _bNUST COLLEGE OF EME, _c2021. |
||
| 650 |
_aDE-COMP-39 _985444 |
||
| 942 |
_2ddc _cPR |
||
| 999 |
_c586973 _d586973 |
||